Analisis de los Disenos de servicios propios de las plantas hidroelectricas de Costa Rica

Saved in:
Bibliographic Details
Main Author: Sanchez Tacsan, Benjamin
Format: Thesis Book
Language:Undetermined
Published: 1986
Subjects:
Tags: Add Tag
No Tags, Be the first to tag this record!

MARC

LEADER 00000nam a2200000Ia 4500
001 4239
008 140114s9999 xx 000 0 und d
100 |a Sanchez Tacsan, Benjamin 
245 |a Analisis de los Disenos de servicios propios de las plantas hidroelectricas de Costa Rica 
260 |c 1986 
500 |a NULL 
502 |a Escuela de ingenieria Electrica 
650 |z SERVICIOS PROPIOS DE LAS PLANTAS HIDROELECTRICAS 
999 |c 11706  |d 11706